00670cam a22002057a 4500003000500000005001700005008004100022010001000063011001000073035001000083040000900093082001500102111009900117245008400216260006000300300004800360650001600408650002000424700002000444CHAP20220329142247.0000004d1994 us ab r 00110 eng d a80688 a81660 a92135 cCHAP04a634.9bS9200aSymposium on Giant Sequoias : their place and the Ecosystem and Societyd(1992 :cVisalia, CA)10aProceedings of the symposium on giant sequoias......c/coord. by Philip S. Aune aAlbany, CA : Pacific Southwest Research Station,c1994. a170 p. :bilus. ; gráfs. ; mapas ; tablas14aEcosistema.14aSequoiadendron.00aAune, Philip S.